Biological control of social forest and plantation crops insects / (Record no. 37288)
[ view plain ]
| 000 -LEADER | |
|---|---|
| fixed length control field | 00880nam a2200265 a 4500 |
| 001 - CONTROL NUMBER | |
| control field | 37288 |
| 003 - CONTROL NUMBER IDENTIFIER | |
| rucl marc code | BD-RjUL |
| 005 - DATE AND TIME OF LATEST TRANSACTION | |
| control field | 20211209052609.0 |
| 008 - FIXED-LENGTH DATA ELEMENTS--GENERAL INFORMATION | |
| fixed length control field | 141124s1995 ii ab b 001 0 eng |
| 020 ## - INTERNATIONAL STANDARD BOOK NUMBER | |
| International Standard Book Number | 8120409582 |
| 035 ## - SYSTEM CONTROL NUMBER | |
| System control number | (BD-RjUL)37391 |
| 040 ## - CATALOGING SOURCE | |
| Original cataloging agency | DLC |
| Transcribing agency | DLC |
| Modifying agency | DLC |
| -- | WaU |
| Language of cataloging | eng |
| 041 ## - LANGUAGE CODE | |
| Language code of text/sound track or separate title | eng |
| 082 00 - DEWEY DECIMAL CLASSIFICATION NUMBER | |
| Classification number | 635.04996 |
| Edition number | 19 |
| Author mark and year | BIO 1995 |
| 245 00 - TITLE STATEMENT | |
| Title | Biological control of social forest and plantation crops insects / |
| Statement of responsibility, etc. | editor, T.N. Ananthakrishnan. |
| 260 ## - PUBLICATION, DISTRIBUTION, ETC. (IMPRINT) | |
| Place of publication, distribution, etc. | New Delhi : |
| Name of publisher, distributor, etc. | Oxford & IBH, |
| Date of publication, distribution, etc. | c1995. |
| 300 ## - PHYSICAL DESCRIPTION | |
| Pagination | xii, 225 p. : |
| Illustrations | ill., maps ; |
| Size | 25 cm. |
| 504 ## - BIBLIOGRAPHY, ETC. NOTE | |
| Bibliography, etc | Includes bibliographies and index. |
| 650 #0 - SUBJECT ADDED ENTRY--TOPICAL TERM | |
| Topical term or geographic name as entry element | Insect pests |
| General subdivision | Biological control. |
| 9 (RLIN) | 114274 |
| Form subdivision | Congresses. |
| Topical term or geographic name as entry element | Insect pests |
| General subdivision | Biological control |
| 9 (RLIN) | 114275 |
| 700 1# - ADDED ENTRY--PERSONAL NAME | |
| Personal name | Ananthakrishnan, T. N., |
| Dates associated with a name | 1925- |
| 942 ## - ADDED ENTRY ELEMENTS (KOHA) | |
| Source of classification or shelving scheme | Dewey Decimal Classification |
| Koha item type | Books |
| Lost status | Source of classification or shelving scheme | Damaged status | Not for loan | Collection code | Permanent Location | Current Location | Shelving location | Date acquired | Cost, normal purchase price | Total Checkouts | Full call number | Date last seen | Copy number | Koha item type |
|---|---|---|---|---|---|---|---|---|---|---|---|---|---|---|
| Dewey Decimal Classification | Not For Loan | Non-fiction | Institute of Biological Sciences (IBSc) Library | Institute of Biological Sciences (IBSc) Library | 23/11/2014 | 816.75 | 635.04996 BIO 1995 | 23/11/2014 | C-1 | Books |